Statistics for Hozier - Cherry Wine (Lyrics)

Click here to take the quiz!

General Stats

  • This quiz has been taken 325 times
  • The average score is 179 of 215

Answer Stats

Answer% Correct
a
99%
cherry
99%
wine
99%
I
98%
and
97%
And
97%
as
97%
Sweet
97%
sweet
97%
me,
96%
me
96%
the
96%
The
96%
is
94%
she
94%
her
93%
Her
93%
mine
91%
so
91%
be
90%
it,
90%
It
90%
I'm
89%
like
88%
Like
88%
blood
87%
but
87%
But
87%
fine
87%
hand
87%
hers
87%
it's
87%
closed
86%
fist,
86%
Open
86%
or
86%
way
86%
of
85%
rare
85%
would
84%
looks
83%
on
83%
over
83%
tells
83%
eyes
82%
are
80%
clean
80%
don't
80%
fire
80%
my
80%
ugly,
80%
mama,
79%
fuss
78%
time
78%
rum
77%
some
77%
icy
76%
burns
75%
wire
74%
words
74%
arm
73%
brother
73%
days
73%
she's
73%
crime
72%
want
71%
With
71%
can
70%
most
70%
other
69%
to
68%
not
67%
walk
67%
all
65%
angry
65%
around
65%
at
65%
fast
65%
sheets
65%
shows
65%
That
64%
throws
63%
divine
62%
just
62%
Thrown
62%
thrown
62%
sleep
61%
stains
61%
freezing
59%
powerfully,
59%
guilty
58%
have
56%
In
55%
this
55%
while
55%
worth
52%
Calls
51%
Hot
51%
merciful,
50%
breathing
47%
tide
47%
washed
45%
fight
41%
right
39%
fiery
37%
fury's
27%

Score Distribution

Percentile by Number Answered

Percent of People with Each Score

Your Score History

You have not taken this quiz